Rupert Morgan Building Services (LLC) Ltd v David Jervis and Harriet Jervis (Record no. 73894)

MARC details
000 -LEADER
fixed length control field 01795cam a2200217 4500
001 - CONTROL NUMBER
control field ABS67216
008 - FIXED-LENGTH DATA ELEMENTS--GENERAL INFORMATION
fixed length control field 031128n2003 000 0 eng u
035 ## - SYSTEM CONTROL NUMBER
System control number (Sirsi) u124517
245 ## - TITLE STATEMENT
Title Rupert Morgan Building Services (LLC) Ltd v David Jervis and Harriet Jervis
Medium [electronic resource]
260 ## - PUBLICATION, DISTRIBUTION, ETC.
Date of publication, distribution, etc. 2003
490 ## - SERIES STATEMENT
Series statement Building Law Reports
Volume/sequential designation [2004] 1 BLR 18-22(5)
520 ## - SUMMARY, ETC.
Summary, etc. [2003] EWCA Civ 1563, 12 November 2003. The appellant defendents (J) were having building works on their cottage by the claimants builders (R). J had engaged an architect and the contract was a ASI Standard Form. R was being paid on an interim basis pursuant to the scheme of the contract. Under the contract the architect was to issue an interim certificate, based on a bill presented by R. J refused to make full payment on the presentation of the seventh interim certificate, contending that it included items already paid or incorrectly charged as extras and snagging works. J did not serve a notice of intention to withhold payment in accordance with Housing Grants, Construction and Regeneration Act 1996 s111. R sued J, but J argued they could not be sued for what was not owed. "Held" CA ruled the certificate determined the sum due, not the actual work done. J were obliged to pay the amount certified having not served a withholding notice. View judgment at www.courtservice.gov.uk.
590 ## - LOCAL NOTE (RLIN)
Local note ABS
650 ## - SUBJECT ADDED ENTRY--TOPICAL TERM
Topical term or geographic name entry element HOUSING GRANTS, CONSTRUCTION AND REGENERATION ACT 1996 S111
650 ## - SUBJECT ADDED ENTRY--TOPICAL TERM
Topical term or geographic name entry element WITHHOLDING NOTICES
650 ## - SUBJECT ADDED ENTRY--TOPICAL TERM
Topical term or geographic name entry element INTERIM CERTIFICATES
650 ## - SUBJECT ADDED ENTRY--TOPICAL TERM
Topical term or geographic name entry element RUPERT MORGAN BUILDING SERVICES (LLC) LTD V JERVIS AND ANOTHER
690 ## - LOCAL SUBJECT ADDED ENTRY--TOPICAL TERM (OCLC, RLIN)
Topical term or geographic name as entry element BUILT ENVIRONMENT-BUILDING CONTRACT FORMS
856 ## - ELECTRONIC LOCATION AND ACCESS
Uniform Resource Identifier <a href="https://www.adjudication.co.uk/cases/morgan.htm">https://www.adjudication.co.uk/cases/morgan.htm</a>
Public note View judgment at www.adjudication.co.uk
942 ## - ADDED ENTRY ELEMENTS (KOHA)
Suppress in OPAC 0
Holdings
Withdrawn status Lost status Source of classification or shelving scheme Damaged status Not for loan Home library Current library Shelving location Date acquired Total Checkouts Full call number Barcode Date last seen Copy number Price effective from Koha item type
    Dewey Decimal Classification     London London Journal article 28/11/2003   ABS67216 124517-1001 06/08/2019 1 06/08/2019 Journal article